I 10 youtuber con più iscritti in Italia - Statistics

Statistiche generali
  • Questo quiz è stato fatto 240 volte
  • Il punteggio medio è 3 su 10
Statistiche sulle risposte
Hint Risposta % Corretto
4 FAVIJ
94%
5 ME CONTRO TE
77%
10 ST3PNY/STEPNY
59%
6 IPANTELLAS
40%
8 WHENGAMERSFAIL/LYON
29%
1 DAVIE 504/DAVIE
21%
7 KHABY LAME
8%
3 PANDABOI
7%
9 AMELI TVIT/AMELI
2%
2 BORN2KILL
1%
Nessun quiz corrispondente trovato
Distribuzione punteggi
Percentuale di utenti per punteggio
Percentile per numero di risposta
I tuoi punteggi nel tempo
Non hai fatto questo quiz